00858nam a2200217 a 4500001001000000003000400010005001700014008004100031040002500072082002400097100002900121245005500150260009200205300002100297490004900318650004700367651006800414651007800482710003300560830004700593000021380OSt20250409122710.0100907s1981 dr 000 0 spa d aDO-SdBNPbspacBNPHU a972.9382bM524m2221 aMella Chavier, Georgilio10aMemorias del Guabatico /cGeorgilio Mella Chavier. aSan Pedro de Macorís, República Dominicana :,c1981.bUniversidad Central del Este  a253 p. ;c23 cm.1 aUniversidad Central del Este aLiteraria v3 4aCiudades y puebloszRepública Dominicana 4aSan Pedro De Macorís (República Dominicana)xHistoria Local 4aSan Pedro De Macorís (República Dominicana)xVida Social Y Costumbres1 aUniversidad Central del Este 0aUniversida Central del Este ; Literariav3